<?xml version="1.0" encoding="UTF-8"?>
<record
    xmlns:xsi="http://www.w3.org/2001/XMLSchema-instance"
    xsi:schemaLocation="http://www.loc.gov/MARC21/slim http://www.loc.gov/standards/marcxml/schema/MARC21slim.xsd"
    xmlns="http://www.loc.gov/MARC21/slim">

  <leader>01726naa a2200265 i 4500</leader>
  <controlfield tag="001">BPP</controlfield>
  <controlfield tag="003">BPK</controlfield>
  <controlfield tag="005">20191005132641.0</controlfield>
  <controlfield tag="008">151017s2004    pl     f     |100 0 pol</controlfield>
  <datafield tag="040" ind1=" " ind2=" ">
    <subfield code="c">BPK</subfield>
  </datafield>
  <datafield tag="080" ind1=" " ind2=" ">
    <subfield code="a">621.3.037/.049</subfield>
  </datafield>
  <datafield tag="100" ind1=" " ind2=" ">
    <subfield code="a">Janke, W&#x142;odzimierz</subfield>
    <subfield code="e">Autor</subfield>
    <subfield code="d">1996 - .</subfield>
    <subfield code="b">Politechnika Koszali&#x144;ska - Wydzia&#x142; Elektroniki,</subfield>
    <subfield code="c">Katedra Element&#xF3;w i Miernictwa Elektronicznego</subfield>
  </datafield>
  <datafield tag="245" ind1=" " ind2=" ">
    <subfield code="a">Jednopoziomowa symulacja uk&#x142;ad&#xF3;w nieliniowych w dziedzinie czasu /</subfield>
    <subfield code="c">W&#x142;odzimierz Janke, Aneta Hapka, Rados&#x142;aw &#x141;uczak.</subfield>
  </datafield>
  <datafield tag="260" ind1=" " ind2=" ">
    <subfield code="c">2004.</subfield>
  </datafield>
  <datafield tag="500" ind1=" " ind2=" ">
    <subfield code="a">Dane z autopsji.</subfield>
  </datafield>
  <datafield tag="520" ind1=" " ind2=" ">
    <subfield code="a">Przedstawiono now&#x105; metod&#x119; symulacji uk&#x142;ad&#xF3;w nieliniowych w dziedzinie czasu, kt&#xF3;ra nie wymaga dwupoziomowych iteracji stosowanych w metodach tradycyjnych. Metoda stanowi rozwini&#x119;cie tzw. technik ma&#x142;o przyrostowych prezentowanych we wcze&#x15B;niejszych pracach autor&#xF3;w. Przedstawiono zasadnicz&#x105; ide&#x119; proponowanej metody, kilka wariant&#xF3;w realizacji szczeg&#xF3;&#x142;owych, ocen&#x119; b&#x142;&#x119;du i nak&#x142;adu obliczeniowego oraz przyk&#x142;ady symulacji.</subfield>
  </datafield>
  <datafield tag="650" ind1=" " ind2="0">
    <subfield code="a">Symulacja.</subfield>
  </datafield>
  <datafield tag="650" ind1=" " ind2="0">
    <subfield code="a">Uk&#x142;ady nieliniowe.</subfield>
  </datafield>
  <datafield tag="655" ind1=" " ind2="0">
    <subfield code="a">Materia&#x142;y konferencyjne.</subfield>
  </datafield>
  <datafield tag="700" ind1=" " ind2=" ">
    <subfield code="a">HAPKA, Aneta.</subfield>
    <subfield code="d">2000 - .</subfield>
    <subfield code="b">Politechnika Koszali&#x144;ska - Wydzia&#x142; Elektroniki,</subfield>
    <subfield code="c">Katedra Element&#xF3;w i Miernictwa Elektronicznego</subfield>
  </datafield>
  <datafield tag="700" ind1=" " ind2=" ">
    <subfield code="a">&#x141;UCZAK, Rados&#x142;aw.</subfield>
    <subfield code="d">1997 - .</subfield>
    <subfield code="b">Politechnika Koszali&#x144;ska - Wydzia&#x142; Elektroniki,</subfield>
    <subfield code="c">Katedra In&#x17C;ynierii Komputerowej</subfield>
  </datafield>
  <datafield tag="773" ind1=" " ind2=" ">
    <subfield code="i">W :</subfield>
    <subfield code="t">Trzecia Krajowa Konferencja Elektroniki : materia&#x142;y konferencji. T. 1/2. -</subfield>
    <subfield code="d">Koszalin : Wyd. Uczelniane Politechniki Koszali&#x144;skiej, 2004. -</subfield>
    <subfield code="g">s. 259-264</subfield>
  </datafield>
  <datafield tag="711" ind1=" " ind2=" ">
    <subfield code="a">Krajowa Konferencja Elektroniki</subfield>
    <subfield code="n">(3 ;</subfield>
    <subfield code="d">2004 ;</subfield>
    <subfield code="c">Ko&#x142;obrzeg, Polska).</subfield>
    <subfield code="p">KKE'2004</subfield>
  </datafield>
  <datafield tag="942" ind1=" " ind2=" ">
    <subfield code="c">ART</subfield>
    <subfield code="2">UKD</subfield>
  </datafield>
  <datafield tag="999" ind1=" " ind2=" ">
    <subfield code="c">3685</subfield>
    <subfield code="d">3685</subfield>
  </datafield>
  <datafield tag="952" ind1=" " ind2=" ">
    <subfield code="0">0</subfield>
    <subfield code="1">0</subfield>
    <subfield code="4">0</subfield>
    <subfield code="7">0</subfield>
    <subfield code="a">BPK</subfield>
    <subfield code="b">BPK</subfield>
    <subfield code="o">72243</subfield>
    <subfield code="y">ART</subfield>
  </datafield>
</record>
